| 000 | 01270cam a2200337 i 4500 | ||
|---|---|---|---|
| 999 |
_c1034 _d1034 |
||
| 001 | (Sirsi) a1076455 | ||
| 003 | OSt | ||
| 005 | 20200316125731.0 | ||
| 008 | 180726t20182018nyu d 000 1 eng d | ||
| 020 | _a9781250194121 | ||
| 040 |
_aDLC _beng _cDLC _dTAE _erda |
||
| 042 | _anbic | ||
| 082 | _aFIC ADE | ||
| 100 | 1 |
_aAdeyemi, Tomi, _eauthor. |
|
| 245 | 1 | 0 |
_aChildren of blood and bone / _cTomi Adeyemi. |
| 250 | _aInternational edition. | ||
| 264 | 1 |
_aNew York : _bHenry Holt and Company, _c[2018] |
|
| 264 | 4 | _c©2018. | |
| 300 |
_a531 pages ; _bmap : _c20 cm. |
||
| 336 |
_atext _btxt _2rdacontent. |
||
| 337 |
_aunmediated _bn _2rdamedia. |
||
| 338 |
_avolume _bnc _2rdacarrier. |
||
| 440 |
_aLegacy of Orisha ; _nBook 1. |
||
| 520 | _aSeventeen-year-old Zélie, her older brother Tzain, and rogue princess Amari fight to restore magic to the land and activate a new generation of magi, but they are ruthlessly pursued by the crown prince, who believes the return of magic will mean the end of the monarchy. | ||
| 521 | 1 | _aAges 13-18. | |
| 650 | 0 |
_aBrothers and sisters _vJuvenile fiction. |
|
| 650 | 0 |
_aMagic _vJuvenile fiction. |
|
| 650 | 0 |
_aPrejudices _vJuvenile fiction. |
|
| 650 | 0 |
_aGovernment, Resistance to _vJuvenile fiction. |
|
| 942 |
_2ddc _cFIC |
||